00425nam a22001697a 450000500170000000800410001702000270005804000090008504100120009408200160010610000190012224500450014125000080018626000280019430000080022265000250023020260604123839.0260604b |||||||| |||| 00| 0 eng d a9789352737895c1025.00 aMAIN aEnglish a658.15bDES aDesai, Vasant  aFinancial Markets and Financial Services a2nd aMumbai bHimalayac2018 a623 aEconomics (PM USHA)